Представление документа в формате RUSMARC

ПолеНазваниеЗначение
  Тип записи a
  Библиографический уровень a
001 Контрольный номер bfdc6a30d4724cf6a2635e2a90e196e5
005 Дата корректировки 20140506180911.8
200 Заглавие и сведения об ответственности __
a Заглавие Трансформация бизнес-элиты России: 1998 - 2002
461 Уровень набора _0
1 2001
a Социс
463 Уровень физической единицы _0
1 200
v С.17-29
1 210
d 2002. - №8
610 Ключевые слова __
a Ключевые слова бизнес-элита; политология общества
686 Индексы других классификаций __
a Классификационный индекс 60.54
700 Автор __
a Фамилия Крыштановская
b Имя О.В.
901 Тип документа __
t Тип документа b
938 Служебная информация __
a Название организации Волгоградский филиал
b Имя БД Статьи ВКИ
c Название АИБС АИБС МАРК-SQL